000
00258nam a2200121Ia 4500
100
_a
Kodagali/Sushma P
650
_a
VLSI
942
_c
BK
245
_a
Advanced VLSI Design Sem Viii
260
_b
C.Jamnadas and Co
_c
2014
546
_a
ENGLISH
999
_c
22812
_d
22812